Impact of Climatic Shocks on Child Human Capital : (Record no. 534207)
[ view plain ]
| 000 -LEADER | |
|---|---|
| fixed length control field | 00601nam a22001697a 4500 |
| 020 ## - INTERNATIONAL STANDARD BOOK NUMBER | |
| Qualifying information | Hard Cover. |
| 082 ## - DEWEY DECIMAL CLASSIFICATION NUMBER | |
| Classification number | 330 |
| 100 ## - MAIN ENTRY--PERSONAL NAME | |
| Personal name | Zamand, Mina |
| 245 ## - TITLE STATEMENT | |
| Title | Impact of Climatic Shocks on Child Human Capital : |
| Remainder of title | Evidence from Ethiopia, India, Peru, and Vietnam, Using YOung Lives Data / |
| Statement of responsibility, etc. | Mina Zamand. |
| 260 ## - PUBLICATION, DISTRIBUTION, ETC. | |
| Place of publication, distribution, etc. | Islamabad : |
| Name of publisher, distributor, etc. | S3H - NUST, |
| Date of publication, distribution, etc. | 2015. |
| 300 ## - PHYSICAL DESCRIPTION | |
| Dimensions | 30cm. |
| 650 ## - SUBJECT ADDED ENTRY--TOPICAL TERM | |
| Topical term or geographic name entry element | Economics MS-Thesis. |
| 700 ## - ADDED ENTRY--PERSONAL NAME | |
| Personal name | Asma Hyder Baloch. |
| 856 ## - Uniform Resource Identifier | |
| Uniform Resource Identifier | <a href="http://10.250.8.41:8080/xmlui/handle/123456789/3393">http://10.250.8.41:8080/xmlui/handle/123456789/3393</a> |
| 942 ## - ADDED ENTRY ELEMENTS (KOHA) | |
| Source of classification or shelving scheme | |
| Koha item type | Thesis |
| 650 ## - SUBJECT ADDED ENTRY--TOPICAL TERM | |
| -- | 17366 |
| 700 ## - ADDED ENTRY--PERSONAL NAME | |
| -- | 28356 |
| Withdrawn status | Lost status | Source of classification or shelving scheme | Damaged status | Not for loan | Permanent Location | Current Location | Shelving location | Date acquired | Full call number | Barcode | Date last seen | Price effective from | Non-public note | Koha item type |
|---|---|---|---|---|---|---|---|---|---|---|---|---|---|---|
| Central Library (CL) | Central Library (CL) | Thesis | 02/08/2020 | 330 | CL-T-5007 | 02/08/2020 | 02/08/2020 | Minute Sheet No. 0929/02/CL/Survey/5 dated 23rd April 2024 E-MIN ID 114741 | Thesis |
